Annual conference of the Property Litigation Association (Record no. 108135)

MARC details
000 -LEADER
fixed length control field 01216cad a22003015a 4500
001 - CONTROL NUMBER
control field L143371
008 - FIXED-LENGTH DATA ELEMENTS--GENERAL INFORMATION
fixed length control field 080430s2007 xxk f 100 0 eng d
035 ## - SYSTEM CONTROL NUMBER
System control number (Sirsi) u143371
041 0# - LANGUAGE CODE
Language code of text/sound track or separate title eng
050 04 - LIBRARY OF CONGRESS CALL NUMBER
Classification number 346.41043 $2 18
100 1# - MAIN ENTRY--PERSONAL NAME
Personal name Marshall, Hazel
111 2# - MAIN ENTRY--MEETING NAME
Meeting name or jurisdiction name as entry element Annual Conference of the Property Litigation Association
Number [OBSOLETE] 2007
245 00 - TITLE STATEMENT
Title Annual conference of the Property Litigation Association
Remainder of title Keble College, Oxford
Medium [electronic resource]
260 ## - PUBLICATION, DISTRIBUTION, ETC.
Place of publication, distribution, etc. [S.l.]
Name of publisher, distributor, etc. PLA
Date of publication, distribution, etc. 2007
505 2# - FORMATTED CONTENTS NOTE
Formatted contents note Equitable remedies in the urban jungle -- Case law kaleidoscope: a review of some of the year's significant cases -- Can the developer use the right of way? -- Rights of light: the law and practice
520 ## - SUMMARY, ETC.
Summary, etc. Collection of conference papers from the Property Litigation Association's 2007 annual conference.
521 2# - TARGET AUDIENCE NOTE
Target audience note Advanced
590 ## - LOCAL NOTE (RLIN)
Local note KA
651 #4 - SUBJECT ADDED ENTRY--GEOGRAPHIC NAME
Geographic name United Kingdom
Chronological subdivision
690 ## - LOCAL SUBJECT ADDED ENTRY--TOPICAL TERM (OCLC, RLIN)
Topical term or geographic name as entry element PROPERTY
700 1# - ADDED ENTRY--PERSONAL NAME
Personal name Johnson, Edwin
700 1# - ADDED ENTRY--PERSONAL NAME
Personal name Chambers, Maitland
700 1# - ADDED ENTRY--PERSONAL NAME
Personal name Small, Jonathan
700 1# - ADDED ENTRY--PERSONAL NAME
Personal name Gaunt, Jonathan
700 1# - ADDED ENTRY--PERSONAL NAME
Personal name Patman, Delva
856 40 - ELECTRONIC LOCATION AND ACCESS
Uniform Resource Identifier <a href="https://www.pla.org.uk/library/conference_papers">https://www.pla.org.uk/library/conference_papers</a>
Public note View the conference papers free of charge at www.pla.org.uk...
942 ## - ADDED ENTRY ELEMENTS (KOHA)
Suppress in OPAC 0
Holdings
Withdrawn status Lost status Source of classification or shelving scheme Damaged status Not for loan Home library Current library Shelving location Date acquired Total Checkouts Full call number Barcode Date last seen Copy number Price effective from Koha item type
    Dewey Decimal Classification     Virtual Virtual Online 30/04/2008   ONLINE PUBLICATION 143371-2001 06/08/2019 1 06/08/2019 Book